000 00601cgm a2200157 4500
001 3985
005 20181127172337.0
008 101103s2010 bt b 100 0 eng
010 _a 2010308818
245 1 0 _aCommunity-based integrated watershed management Lingmuteychu /
_bRNR, Ministry of Agriculture and Forest.
260 _aWangduephodrang :
_bRNR, Ministry of Agriculture and Forest.
_cn.d.
300 _a1 videodisc (187.03 min.) : sd., col. ; 4 3/4 in.
_c
504 _aIncludes bibliographical references.
650 0 _aWatershed management..
_z
_v
710 2 _aWatershed management --Social aspects.
999 _c3252
_d3252